Исследование машин и технологии обработки металлов давлением; Вып. 4

Detaylı Bibliyografya
Müşterek Yazar: Челябинский политехнический институт (ЧелПИ)
Diğer Yazarlar: Казаченок В. И. (редактор)
Dil:Rusça
Baskı/Yayın Bilgisi: Ижевск, 1970
Konular:
Materyal Türü: MixedMaterials Kitap
KOHA link:https://koha.lib.tpu.ru/cgi-bin/koha/opac-detail.pl?biblionumber=123119

MARC

LEADER 00000nam0a2200000 4500
001 123119
005 20231031130359.0
035 |a (RuTPU)RU\TPU\book\133288 
090 |a 123119 
100 |a 20071011d1970 k y0rusy50 ca 
101 0 |a rus 
102 |a RU 
105 |a a z 001zy 
200 1 |a Исследование машин и технологии обработки металлов давлением  |h Вып. 4  |f Челябинский политехнический институт (ЧелПИ) ; под ред. В. И. Казаченок 
210 |a Ижевск  |d 1970 
215 |a 306 с.  |c ил. 
320 |a Библиогр. в конце ст. 
610 1 |a металлы 
610 1 |a обработка давлением 
610 1 |a машины 
610 1 |a исследования 
610 1 |a ковка 
610 1 |a штамповка 
610 1 |a опытно-конструкторские разработки 
675 |a 621.74.043  |v 3 
702 1 |a Казаченок  |b В. И.  |4 340 
712 0 2 |a Челябинский политехнический институт (ЧелПИ)  |c (1951-1990)  |2 stltpush  |3 (RuTPU)RU\TPU\col\7924 
801 1 |a RU  |b 63413507  |c 20071011  |g PSBO 
801 2 |a RU  |b 63413507  |c 20080609  |g PSBO 
942 |c BK